Normal view MARC view
  • Ruiz Johnson, Mariana,

Entry Nombre Personal

Number of records used in: 2

001 - NUMERO DE CONTROL

  • campo de control: 38788

003 - IDENTIFICADOR DE NUMERO DE CONTROL

  • campo de control: UPN

005 - FECHA Y HORA DE LA ÜLTIMA TRANSACCIÓN

  • campo de control: 20210219194539.0

008 - DATOS DE LONGITUD FIJA

  • campo de control de longitud fija: nabaccnnaabn|||||||||| b |nc|||||d

035 ## - NUMERO DE CONTROL

  • Número de control: UPN11000010895

040 ## - FUENTE DE CATALOGACIÓN

  • Lenguaje de catalogación: SPA
  • Agencia de transcripción: UPN

100 1# - ENCABEZAMIENTO - NOMBRE PERSONAL

  • Nombre personal: Ruiz Johnson, Mariana,
  • Fechas asociadas con el nombre: 1984-

670 ## - FUENTE EN LA QUE SE LOCALIZARON DATOS

  • Cita de la fuente: T
  • Uniform Resource Identifier: http://www.revistaplanetario.com.ar/galeria_arte/view/32/mariana-ruiz-johnson

680 ## - NOTA PUBLICA DE ACCESO PÚBLICO

  • Frase explicativa de la referencia: Nació en Buenos Aires, Argentina. Estudió la Licenciatura de Artes Visuales en el IUNA, donde cursó talleres de Pintura, Dibujo, y Grabado, entre otros.También estudió Ilustración Infantil con José Sanabria en la Escuela Sótano Blanco, donde además asistió a distintos seminarios de ilustración. Actualmente está trabajando para distintas editoriales y agencias de publicidad argentinas.

902 ## - CATALOGADOR

  • Catalogador: MITM/270616